La cuestión ambiental urbana en el Ecuador /
Saved in:
| Main Author: | |
|---|---|
| Other Authors: | |
| Format: | Book |
| Language: | Spanish |
| Tags: |
Add Tag
No Tags, Be the first to tag this record!
|
MARC
| LEADER | 00000nam a22000007a 4500 | ||
|---|---|---|---|
| 003 | cru CIDCACS/IIS | ||
| 005 | 20191205155355.0 | ||
| 007 | ta | ||
| 008 | 191205s1992 ec q||p|r||||||0| ||spa|| | ||
| 999 | |c 42723 |d 42723 | ||
| 040 | |c cru CIDCACS/IIS | ||
| 100 | 1 | |9 8852 |a Barreto, Rodrigo | |
| 245 | 1 | 3 | |a La cuestión ambiental urbana en el Ecuador / |c Rodrigo Barreto, Diego Carrión |
| 300 | |a páginas 5-9: |b tablas | ||
| 700 | 1 | |9 8853 |a Carrión, Diego | |
| 773 | 0 | |0 42722 |9 4013 |a Centro de Investigaciones Ciudad |d Quito, Ecuador: Centro de Investigaciones Ciudad, |o 18743 |t Ciudad Alternativa/ | |
| 942 | |2 ddc |c PP | ||
